• 首页
  • 本馆介绍
  • 公告通知
  • 最新文献
  • 馆藏检索
  • 电子资源
  • 读者导购
  • 参考咨询
  • 我的图书馆
  • 登录
  • 详细信息显示
  • 放入我的书架
  • 预约/预借图书
  • 作者相关作品
  • 分类相关作品
  • 丛书相关作品
  • 出版社相关作品

书目信息

  • 表格格式
  • 工作单格式
  • 卡片格式
题名:
破碎的痕迹
    
 
作者: 耿幼壮 著
分册:  
出版信息: 北京   中国人民大学出版社  2010
页数: 312页
开本: 23cm
丛书名: 朗朗书房
单 册:
中图分类: J110.9
科图分类:
主题词: 艺术史--西方国家 , 艺术史
电子资源:
ISBN: 978-7-300-06513-7
000 01058oam2 2200289 45
001 1029465042
005 20100428093048.31
010    @a978-7-300-06513-7@dCNY24.80
100    @a20100426d2010 em y0chiy0110 ea
101 0  @achi@aeng
102    @aCN@b110000
105    @aa z 000yy
106    @ar
200 1  @a破碎的痕迹@APo Sui De Hen Ji@dFragmented traces@e重读西方艺术史@EZhong Dou Xi Fang Yi Shu Shi@f耿幼壮著@FGeng You Zhuang Zhu@zeng
210    @a北京@c中国人民大学出版社@d2010
215    @a312页@c照片@d23cm
225 2  @a朗朗书房@i艺术东西丛书
330    @a本书是一部以现代批评理论和跨学科方法重新读解艺术史的著作,书中涉及了西方艺术发展过程中的各个重要时期以及诸多艺术家和艺术作品,却无意勾勒出一部完整的艺术史。
462  0 @12001 @a艺术东西丛书
510 1  @aFragmented traces@zeng
517 1  @a重读西方艺术史@AZhong Dou Xi Fang Yi Shu Shi
606 0  @a艺术史@y西方国家
606 0  @a艺术史
690    @aJ110.9@v4
701  0 @a耿幼壮@AGeng You Zhuang@4著
801  0 @aCN@bTANGWEI@c20100428
905    @b0595923-27@dJ110.9@e108@f5
    
    破碎的痕迹=Fragmented traces:重读西方艺术史/耿幼壮著.-北京:中国人民大学出版社,2010
    312页:照片;23cm.-(朗朗书房.艺术东西丛书)
    
    
    ISBN 978-7-300-06513-7:CNY24.80
    本书是一部以现代批评理论和跨学科方法重新读解艺术史的著作,书中涉及了西方艺术发展过程中的各个重要时期以及诸多艺术家和艺术作品,却无意勾勒出一部完整的艺术史。
●
相关链接 在E读中查询图书 在五车中查询图书 在当当中查询图书 在豆瓣中查询图书


正题名:破碎的痕迹     索取号:J110.9/108         预约/预借

序号 登录号 条形码 馆藏地/架位号 状态 备注
1 0595923   205959239   第一样本阅览室/ [索取号:J110.9/108] 在馆    
2 0595924   205959248   第一借阅区/ [索取号:J110.9/108] 在馆    
3 0595925   205959257   第一借阅区/ [索取号:J110.9/108] 在馆    
4 0595926   205959266   第一借阅区/ [索取号:J110.9/108] 在馆    
5 0595927   205959275   第一借阅区/ [索取号:J110.9/108] 在馆    
唐山师范学院图书馆 欢迎您!
大连网信软件有限公司© 版权所有